MARC details
| 000 -LEADER |
| fixed length control field |
01251nam a22002897b 4500 |
| 003 - CONTROL NUMBER IDENTIFIER |
| control field |
3228 |
| 005 - DATE AND TIME OF LATEST TRANSACTION |
| control field |
20260221102143.0 |
| 008 - FIXED-LENGTH DATA ELEMENTS--GENERAL INFORMATION |
| fixed length control field |
240928b sa ||||| |||| 00| 0 eng d |
| 020 ## - INTERNATIONAL STANDARD BOOK NUMBER |
| International Standard Book Number |
<a href="9781776190782">9781776190782</a> |
| Qualifying information |
(pbk) |
| 040 ## - CATALOGING SOURCE |
| Original cataloging agency |
MPL |
| Transcribing agency |
3228 |
| 041 ## - LANGUAGE CODE |
| Language |
English |
| 082 ## - DEWEY DECIMAL CLASSIFICATION NUMBER |
| Classification number |
650.1082 ANDE |
| 942 ## - ADDED ENTRY ELEMENTS |
| Creator ID |
169 |
| Creator Name |
Boniswa Ngcongolo |
| Modifier ID |
367 |
| Modifier Name |
Ellen Msibi |
| 100 1# - MAIN ENTRY--PERSONAL NAME |
| Personal name |
Anderson, Carice, |
| Relator term |
author. |
| 245 10 - TITLE STATEMENT |
| Title |
Intelligence isn't enough : |
| Cover Title |
a black professional's guide to thriving in the workplace / |
| Statement of responsibility, etc. |
Carice Anderson. |
| 260 ## - PUBLICATION, DISTRIBUTION, ETC. |
| Place of publication, distribution, etc. |
Johannesburg [South Africa] : |
| Name of publisher, distributor, etc. |
Jonathan Ball; |
| Date of publication, distribution, etc. |
2021. |
| 264 #1 - PRODUCTION, PUBLICATION, DISTRIBUTION, MANUFACTURE, AND COPYRIGHT NOTICE |
| Place of production, publication, distribution, manufacture |
Johannesburg, [South Africa] : |
| Name of producer, publisher, distributor, manufacturer |
Jonathan Ball Publishers; |
| Date of production, publication, distribution, manufacture, or copyright notice |
2021. |
| 300 ## - PHYSICAL DESCRIPTION |
| Extent |
288 pages : |
| Other physical details |
illustrations ; |
| Dimensions |
23 cm |
| 336 ## - CONTENT TYPE |
| Content type term |
text |
| Content type code |
txt |
| Source |
rdacontent |
| 504 ## - BIBLIOGRAPHY, ETC. NOTE |
| Bibliography, etc. note |
Includes bibliographical references (pages 276-279). |
| 521 ## - TARGET AUDIENCE NOTE |
| Target audience note |
Adults |
| 650 #0 - SUBJECT ADDED ENTRY--TOPICAL TERM |
| Topical term or geographic name entry element |
Businesspeople, Black. |
| 9 (RLIN) |
189402 |
| 650 #0 - SUBJECT ADDED ENTRY--TOPICAL TERM |
| Topical term or geographic name entry element |
Success in business. |
| 9 (RLIN) |
180308 |
| 650 #0 - SUBJECT ADDED ENTRY--TOPICAL TERM |
| Topical term or geographic name entry element |
Career development |
| Geographic subdivision |
South Africa. |
| 942 ## - ADDED ENTRY ELEMENTS |
| Source of classification or shelving scheme |
Dewey Decimal Classification |
| item type |
Book |